000 00487nam a22001697a 4500
999 _c17955
_d17955
008 191008b xxu||||| |||| 00| 0 eng d
020 _a0128102350
040 _aKABU
_cKABU
050 _aHD61
_b.C47 2012 c. 1
100 _aChristoffersen, Peter F.
245 _aElements of financial risk management
_cPeter F. Christoffersen
250 _a2nd ed.
260 _aUSA
_bElsevier
_c2012
300 _axvi, 326 p.
650 _aFinancial risk management
942 _2lcc
_cBK
_hHD61